सबद हमारा साँच का (Record no. 1144)

MARC details
000 -LEADER
fixed length control field 01231 a2200241 4500
005 - DATE AND TIME OF LATEST TRANSACTION
control field 20080904141333.0
008 - FIXED-LENGTH DATA ELEMENTS--GENERAL INFORMATION
fixed length control field 080904t xxu||||| |||| 00| 0 hin d
010 ## - LIBRARY OF CONGRESS CONTROL NUMBER
LC control number HIN-79030
020 ## - INTERNATIONAL STANDARD BOOK NUMBER
Terms of availability 300.00
International Standard Book Number 8187770341
035 ## - SYSTEM CONTROL NUMBER
System control number HN-51377
037 ## - SOURCE OF ACQUISITION
Source of stock number/acquisition D.B.Act / ven
082 ## - DEWEY DECIMAL CLASSIFICATION NUMBER
Classification number 828
100 ## - MAIN ENTRY--PERSONAL NAME
Personal name त्रिपाठी, शैलेन्द्र मणि
245 ## - TITLE STATEMENT
Title सबद हमारा साँच का
Statement of responsibility, etc शैलेन्द्र मणि त्रिपाठी
246 ## - VARYING FORM OF TITLE
Title proper/short title Sabad Hamara Sanch ka
Remainder of title Shailendra Mani Tripathi
260 ## - PUBLICATION, DISTRIBUTION, ETC. (IMPRINT)
Place of publication, distribution, etc इलाहाबाद
Name of publisher, distributor, etc अनामिका प्रकाशन
Date of publication, distribution, etc 2006
260 ## - PUBLICATION, DISTRIBUTION, ETC. (IMPRINT)
Place of publication, distribution, etc दिल्ली(वितरक) हिन्दी बुक सेन्टर
270 ## - ADDRESS
Address 52,तुलारामबाग
City इलाहाबाद
Telephone number 0532-2505090, 9415347186
270 ## - ADDRESS
Address 4/5,अंसारी रोड
300 ## - PHYSICAL DESCRIPTION
Dimensions 23 सेमी (सजिल्द)
Extent 223पृ
942 ## - ADDED ENTRY ELEMENTS (KOHA)
Institution code [OBSOLETE] dpl
Koha item type Hindi Books
Call number prefix 828 / त्रिपाठी
Source of classification or shelving scheme Dewey Decimal Classification
Classification part 828
Call number suffix त्रिपाठी
Holdings
Withdrawn status Lost status Damaged status Not for loan Collection code Home library Current library Date acquired Cost, normal purchase price Total Checkouts Full call number Barcode Date last seen Copy number Uniform Resource Identifier Cost, replacement price Price effective from Koha item type
      Not For Loan Non-fiction D.B.Act.Division D.B.Act.Division 04/09/2008 300.00   828 त्रिपाठी HN-51377 15/09/2008 1 1209 300.00 15/09/2008 Hindi Books

© Delhi Public Library
Hit Counter
free hit counter